Obálka Náhled e-knihy:
PDF Epub
Pro půjčování e-knih musíte být přihlášeni.
Jak si půjčit online?

Nostalgie si bere vás /

Debutová sbírka povídek mladého českého autora střídá nemilosrdné tempo vyprávění s něžnými a fantaskními pasážemi. Autor ovládá pravidla literární hry a grotesky, avšak hravost neubírá jeho próze na naléhavosti a řežavosti.

Uloženo v:
Hlavní autor: Tomáš, Adam, 1991- (Autor)
Médium: E-kniha
Jazyk:Czech
Vydáno: V Praze : Paseka, 2025
Vydání:Vydání první
Témata:
Tagy:
Žádné tagy
LEADER 02310nam a2200361 i 4500
001 297570
003 CZ PrSKC
005 20260414063121.0
007 ta
008 260122s2025 xr g 000 j cze
015 |a cnb003737427 
020 |a 9788076375796  |q (brožováno) 
040 |a ABG001  |b cze  |d OLA001  |e rda 
072 7 |a 821.162.3-3  |x Česká próza  |2 Konspekt 
080 |a 821.162.3-32  |2 MRF 
080 |a (0:82-32)  |2 MRF 
100 1 |a Tomáš, Adam,  |d 1991-  |7 pna20221148577  |4 aut 
245 1 0 |a Nostalgie si bere vás /  |c Adam Tomáš 
250 |a Vydání první 
264 1 |a V Praze :  |b Paseka,  |c 2025 
300 |a 119 stran ;  |c 20 cm 
336 |a text  |b txt  |2 rdacontent 
337 |a bez média  |b n  |2 rdamedia 
338 |a svazek  |b nc  |2 rdacarrier 
520 2 |a Debutová sbírka povídek mladého českého autora střídá nemilosrdné tempo vyprávění s něžnými a fantaskními pasážemi. Autor ovládá pravidla literární hry a grotesky, avšak hravost neubírá jeho próze na naléhavosti a řežavosti.  |b Dneska se lidi sypou v podstatě na každém rohu nebo v tramvaji. Když už se ale sesypete, záleží hlavně na tom, jak vás znovu uplácají. Jestli vás teda pískaři vůbec seberou. S hlavním hrdinou beze jména - komu tady záleží na jméně? - procházíme městem, kde si domy mezi sebou vyřizují účty jadrnou wasserněmčinou, dělníci v ranních tramvajích zvrací písek, zatímco se trmácí za dřinou do továren, a v noci se k vám v posteli přivine cizí bytost. Z tohohle vyšinutého místa se dá utéct jen pomocí alkoholu nebo něčeho silnějšího a nebezpečnějšího jako láska. Nakladatelská anotace. 
655 7 |a české povídky  |7 fd133971  |2 czenas 
655 9 |a Czech short stories  |2 eczenas 
710 2 |a Nakladatelství Paseka  |7 kn20080729011  |4 pbl 
900 |a ABA001  |b 19 
044 |a xr 
910 |a RBIT002 
998 |d 424970  |a https://core.palmknihy.cz/api/books/424970/cover?tbom3h  |b https://core.palmknihy.cz/api/books/424970/cover/400?tbom3h  |c https://core.palmknihy.cz/api/books/424970/cover/50?tbom3h  |e 2034-03-01  |g 120  |i 9788076375796  |j https://core.palmknihy.cz/api/books/424970/preview.epub  |k https://core.palmknihy.cz/api/books/424970/preview.pdf  |l   |q 49  |r 1  |s https://www.palmknihy.cz/kniha/424970  |t ebook  |y 2025  |z 0 
999 |d 297568